000 00671nam a22001937a 4500
008 230515s1959 xx ||||| |||| 00| 0 spa d
110 2 _aOficina de estudios para la colaboración económica Internacional
245 1 0 _aLa industrialización y el ahorro de divisas en la Argentina /
_cOficina de estudios para la colaboración económica Internacional.
260 _a[Lugar de publicación no identificado] :
_b[editor no identificado],
_c1959.
300 _a1 volumen
942 _cLIBRO
003 AR-BaAGN
005 20230516112408.0
007 ta
040 _aAR-BaAGN
_bspa
_eaacr
336 _2rdacontent
_btxt
337 _2rdamedia
_bn
338 _2rdacarrier
_bnc
999 _c46984
_d46984